<?xml version="1.0" encoding="UTF-8"?>
<collection xmlns="http://www.loc.gov/MARC21/slim">
 <record>
  <leader>01173nam a2200181Ia 4500</leader>
  <controlfield tag="001">CTU_229968</controlfield>
  <controlfield tag="008">210402s9999    xx            000 0 und d</controlfield>
  <datafield tag="082" ind1=" " ind2=" ">
   <subfield code="a">639.31</subfield>
  </datafield>
  <datafield tag="082" ind1=" " ind2=" ">
   <subfield code="b">S312</subfield>
  </datafield>
  <datafield tag="245" ind1=" " ind2="0">
   <subfield code="a">Sinh học và kỹ thuật nuôi một số loài cá cá nước ngọt ở vùng Đồng Bằng Sông Cửu Long</subfield>
  </datafield>
  <datafield tag="245" ind1=" " ind2="0">
   <subfield code="c">Dương Nhựt Long, Lam Mỹ Lan, Nguyễn Anh Tuấn (biên soạn)</subfield>
  </datafield>
  <datafield tag="260" ind1=" " ind2=" ">
   <subfield code="a">Hà Nội</subfield>
  </datafield>
  <datafield tag="260" ind1=" " ind2=" ">
   <subfield code="b">Lao động</subfield>
  </datafield>
  <datafield tag="260" ind1=" " ind2=" ">
   <subfield code="c">2017</subfield>
  </datafield>
  <datafield tag="520" ind1=" " ind2=" ">
   <subfield code="a">Nội dung sách giới thiệu tổng quát về nghề chăn nuôi thủy sản nước ngọt, đặc điểm sinh học của một số loài cá nước ngọt có giá trị thương phẩm như: cá tra, ba sa, rô đồng, lóc đen, sặc rằn, cá trê, thát lát, bống tượng, mè vinh, cá chép, rô phi, tai tượng, mè trắng, cá trôi Ấn Độ, cá hường.</subfield>
  </datafield>
  <datafield tag="650" ind1=" " ind2=" ">
   <subfield code="a">Aquaculture,Nuôi trồng thuỷ sản,Freshwater fishes,Nuôi cá nước ngọt</subfield>
  </datafield>
  <datafield tag="910" ind1=" " ind2=" ">
   <subfield code="a">Tuyến</subfield>
  </datafield>
  <datafield tag="980" ind1=" " ind2=" ">
   <subfield code="a">Trung tâm Học liệu Trường Đại học Cần Thơ</subfield>
  </datafield>
 </record>
</collection>
